000
00285nam a2200121Ia 4500
005
20251222143139.0
008
251222s9999||||xx |||||||||||||| ||spa||
020
_a
9972-9301-0-6
082
_a
158.1/S27
100
_a
Say, Bernardo
245
0
_a
Estrategia para la Vida:
942
_c
LIB
999
_c
12229
_d
12229